000 00633nam a22001937a 4500
999 _c171933
_d171933
005 20200123130836.0
010 _aB-209317
020 _c300.00
035 _aB-209317
037 _bBPPD/Pub.
082 _a841.08
100 _aغلام آسی رشیدی
245 _aاردو غزل کا تاریخی ارتقا /
_cغلام آسی رشیدی
246 _aUrdu Ghazal ka Tarikhi Irtaqa (Urdu) /
_bby Ghulam Aasi Rasheedi
260 _aDelhi
_bModern Publishing House
_c2006 ء
270 _a9 Gola Market, Daryaganj
_bNew Delhi
_e110002
300 _a368p.
_c22cm(Hb)
942 _2ddc
_cUR
_h841.08
_mغ ل ا